Русское зарубежье. Вып. 2, ч. 1 (Запись № 7861631)

Подробности
000 -МАРКЕР
контрольное поле 01030nam2a22002411 4500
001 - ИДЕНТИФИКАТОР ЗАПИСИ
контрольное поле rc\267683
005 - ИДЕНТИФИКАТОР ВЕРСИИ
контрольное поле 20030307115642.3
021 ## - НОМЕР ГОСУДАРСТВЕННОЙ РЕГИСТРАЦИИ
Код страны Российская Федерация
Номер КН-П-19-094876
Номер Листа государственной регистраци КН-П-19-6953
035 ## - ДРУГИЕ СИСТЕМНЫЕ НОМЕРА
Идентификатор записи (NLR Aleph) 008760363
100 ## - ДАННЫЕ ОБЩЕЙ ОБРАБОТКИ
Данные общей обработки 20030307d1994 u y0rusy50 ca
101 0# - ЯЗЫК РЕСУРСА
Язык текста, звукозаписи и т.д. русский
102 ## - СТРАНА ПУБЛИКАЦИИ ИЛИ ПРОИЗВОДСТВА
Страна публикации Российская Федерация
105 ## - ПОЛЕ КОДИРОВАННЫХ ДАННЫХ: ТЕКСТОВЫЕ МАТЕРИАЛЫ, МОНОГРАФИЧЕСКИЕ
Кодированные данные о монографическом текстовом документе y |||||||||
200 0# - ЗАГЛАВИЕ И СВЕДЕНИЯ ОБ ОТВЕТСТВЕННОСТИ
Основное заглавие Вып. 2, ч. 1
Первые сведения об ответственности [Предисл. Л.Т. Ивановой]
210 ## - ПУБЛИКАЦИЯ, РАСПРОСТРАНЕНИЕ И ДР.
Дата издания, распространения и т.д. 1994
215 ## - ФИЗИЧЕСКАЯ ХАРАКТЕРИСТИКА
Специфическое обозначение материала и объем 143 с.
461 #0 - УРОВЕНЬ НАБОРА
Встроенное поле 001rc\267682
-- 2001#$aРусское зарубежье$eУказ. лит.$fЯкут. гос. ун-т им. М.К. Аммосова, Межвуз. б-ка$g[Составитель Л.И. Филиппова]$vВып. 2, ч. 1
Системный номер (АБИС) связанной записи 7950739
Место публикации Якутск
Дата публикации 1992-
Первые сведения об ответственности Якут. гос. ун-т им. М.К. Аммосова, Межвуз. б-ка
Имя издателя, распространителя и т.д. Изд-во ЯГУ
Сведения, относящиеся к заглавию Указ. лит.
Заглавие Русское зарубежье
Номер тома Вып. 2, ч. 1
801 #0 - ИСТОЧНИК ЗАПИСИ
Страна Российская Федерация
Организация NLR
Правила каталогизации psbo
801 #1 - ИСТОЧНИК ЗАПИСИ
Страна Российская Федерация
Организация ELAR
Источник данных rusmarc
852 ## - МЕСТОНАХОЖДЕНИЕ И ШИФР ХРАНЕНИЯ
Идентификатор организации NLR
Наименование фонда или коллекции (Sub-Location Identifier) С
Шифр хранения (Call Number) К-1/6042
942 ## - ДОПОЛНИТЕЛЬНЫЕ ЭЛЕМЕНТЫ ЗАПИСИ (АБИС)
Тип экземпляра АБИС Книга
980 ## - КОЛЛЕКЦИЯ
Название коллекции Национальная библиография
Экземпляры
Тип экземпляра Дата поступления Библиотека постоянного хранения Библиотека текущего хранения Место хранения Шифр хранения Штрих-код Статус экземпляра Источник поступления Стоимость
Книга 26.10.2013 РНБ (Московский) РНБ (Московский) Центральная справочная библиотека С К-1/6042 1-3573961      
Книга 24.10.2021 РНБ (Московский) РНБ (Московский) Центральная справочная библиотека С К-1/6042 1-3573962   Обязательный экземпляр 0.00